| 000 | 01715cam a2200421 a 4500 | ||
|---|---|---|---|
| 001 | 13245542 | ||
| 003 | EG-ScBUE | ||
| 005 | 20220606101728.0 | ||
| 008 | 030619t2004 maua f b 001 0 eng d | ||
| 020 | _a1413008127 (student text : pbk.) | ||
| 020 | _a9781413008128 (student text : pbk.) | ||
| 020 | _a1413000789 (ISE) | ||
| 040 |
_aDLC _beng _erda _cDLC _dDLC _dEG-ScBUE |
||
| 082 | 0 | 4 |
_222 _a428.40712 _bSMI |
| 100 | 1 |
_aSmith, Lorraine C., _eauthor. _93415 |
|
| 245 | 1 | 0 |
_aConcepts for today / _cLorraine C. Smith, Adelphi University, Nancy Nici Mare, English Language Institute, Queens College, The City University of New York. |
| 250 | _aSecond edition. | ||
| 264 | 1 |
_aBoston, Massachusetts : _bHeinle, _c[2004] |
|
| 264 | 4 | _cc2004 | |
| 300 |
_axvii, 270 pages : _billustrations ; _c26 cm. |
||
| 336 |
_2rdacontent _atext _btxt |
||
| 337 |
_2rdamedia _aunmediated _bn |
||
| 338 |
_2rdacarrier _avolume _bnc |
||
| 490 | 0 |
_aReading for today series ; _vbook 4 |
|
| 500 | _aEach unit includes optional activities available via CNN video clips and InfoTrac college edition, the online library. | ||
| 504 | _aIncludes bibliographical references and index. | ||
| 650 | 7 |
_aEnglish language _vTextbooks for foreign speakers. _93416 _2BUEsh |
|
| 650 | 7 |
_aReading (Secondary) _vProblems, exercises, etc. _93417 _2BUEsh |
|
| 651 | _2BUEsh | ||
| 653 | _bHHUUEENN | ||
| 655 |
_vReading book _934232 |
||
| 700 | 1 |
_aMare, Nancy Nici, _d1957- _eauthor. _93418 |
|
| 710 | 2 |
_aCable News Network. _93419 |
|
| 730 | 0 |
_aInfoTrac college edition. _93420 |
|
| 856 | 4 | 1 |
_3Table of contents only _uhttp://www.loc.gov/catdir/toc/fy0709/2003108819.html |
| 942 |
_2ddc _cBB |
||
| 999 |
_c11238 _d11238 |
||